Sổ tay về các dân tộc ở Việt Nam

Αποθηκεύτηκε σε:
Λεπτομέρειες βιβλιογραφικής εγγραφής
Κύριος συγγραφέας: ủy ban Khoa học Xã hội Việt Nam
Μορφή: Βιβλίο
Γλώσσα:Undetermined
Έκδοση: Hà nội KHXH 1983
Θέματα:
Ετικέτες: Προσθήκη ετικέτας
Δεν υπάρχουν, Καταχωρήστε ετικέτα πρώτοι!
Thư viện lưu trữ: Trung tâm Học liệu Trường Đại học Cần Thơ
LEADER 00580nam a2200169Ia 4500
001 CTU_46025
008 210402s9999 xx 000 0 und d
082 |a 572.808 
082 |b U523s 
100 |a ủy ban Khoa học Xã hội Việt Nam 
245 0 |a Sổ tay về các dân tộc ở Việt Nam 
245 0 |c ủy ban Khoa học Xã hội Việt Nam, Viện dân tộc học 
260 |a Hà nội 
260 |b KHXH 
260 |c 1983 
650 |a ethnology - vietnam,human geography 
980 |a Trung tâm Học liệu Trường Đại học Cần Thơ